[Event "COL-ch sf (Women)"]
[Site "Pereira"]
[Date "2024.03.30"]
[Round "6"]
[White "Ruiz Jaraba, Valentina Sofia"]
[Black "Munoz Monroy, Cinthya Carolina"]
[Result "1-0"]
[WhiteElo "1896"]
[BlackElo "1950"]
[PlyCount "81"]
[EventDate "2024.03.27"]
[EventType "swiss"]
[EventRounds "9"]
[EventCountry "COL"]
[SourceTitle "CB14_2024"]
[SourceDate "2024.04.01"]
[SourceVersion "1"]
[SourceVersionDate "2024.04.01"]
[SourceQuality "1"]

1. e4 c5 2. Nf3 Nc6 3. d4 cxd4 4. Nxd4 Nf6 5. Nc3 e5 6. Ndb5 d6 7. Nd5 Nxd5 8. exd5 Nb8 9. a4 Be7 10. Be2 0-0 11. 0-0 f5 12. f4 a6 13. Na3 exf4 14. Bxf4 g5 15. Be3 Nd7 16. Nc4 Ne5 17. Bb6 Qd7 18. Nxe5 dxe5 19. c4 Rf6 20. Qb3 Kh8 21. a5 Rh6 22. Rad1 Bf6 23. c5 g4 24. Qc2 Bg5 25. Qc3 Qe8 26. Bc7 Bf6 27. Bxg4 f4 28. Qf3 Qg6 29. Bxc8 Rxc8 30. d6 Rg8 31. Rfe1 Qf5 32. d7 Rh3 33. Qf2 e4 34. Qxf4 Qxc5+ 35. Kh1 Rxh2+ 36. Qxh2 Qf2 37. Rf1 Qe2 38. d8Q Rxd8 39. Rxd8+ Bxd8 40. Qe5+ Kg8 41. Qe6+ 1-0

[Event "COL-ch sf (Women)"]
[Site "Pereira"]
[Date "2024.03.29"]
[Round "5"]
[White "Ruiz Jaraba, Valentina Sofia"]
[Black "Luna Monsalve, Sofia"]
[Result "1-0"]
[WhiteElo "1896"]
[BlackElo "1780"]
[PlyCount "49"]
[EventDate "2024.03.27"]
[EventType "swiss"]
[EventRounds "9"]
[EventCountry "COL"]
[SourceTitle "CB14_2024"]
[SourceDate "2024.04.01"]
[SourceVersion "1"]
[SourceVersionDate "2024.04.01"]
[SourceQuality "1"]

1. d4 d5 2. Nf3 Nf6 3. e3 e6 4. b3 c5 5. Bb2 Be7 6. Nbd2 Nc6 7. Ne5 0-0 8. f4 Re8 9. Be2 cxd4 10. exd4 Qb6 11. Ndf3 Ne4 12. 0-0 f6 13. Nd3 Bd6 14. Kh1 Qc7 15. Ng1 Qb6 16. Nf2 Nxf2+ 17. Rxf2 e5 18. fxe5 fxe5 19. Bh5 g6 20. Rf6 Qd8 21. Bxg6 hxg6 22. Rxg6+ Kf7 23. Qh5 Re6 24. Rf1+ Ke7 25. Rg7# 1-0

[Event "COL-ch sf (Women)"]
[Site "Pereira"]
[Date "2024.03.28"]
[Round "2"]
[White "Chirivi Castiblanco, Jenny Astrid"]
[Black "Ruiz Jaraba, Valentina Sofia"]
[Result "1-0"]
[WhiteElo "2113"]
[BlackElo "1896"]
[PlyCount "67"]
[EventDate "2024.03.27"]
[EventType "swiss"]
[EventRounds "9"]
[EventCountry "COL"]
[SourceTitle "CB14_2024"]
[SourceDate "2024.04.01"]
[SourceVersion "1"]
[SourceVersionDate "2024.04.01"]
[SourceQuality "1"]

1. d4 d5 2. c4 e6 3. Nf3 c6 4. Qc2 Nf6 5. Bg5 Nbd7 6. Nbd2 Be7 7. e3 0-0 8. Rc1 Re8 9. a3 Bd6 10. Be2 Qa5 11. 0-0 e5 12. b4 Qc7 13. dxe5 Bxe5 14. Nxe5 Qxe5 15. Nf3 Qe4 16. Bd3 Qg4 17. cxd5 Ne5 18. Nxe5 Rxe5 19. Bxf6 gxf6 20. dxc6 Qh4 21. Qc4 Qh6 22. Qf4 Qg7 23. Be4 bxc6 24. Bxc6 Rb8 25. Qg3 Qxg3 26. hxg3 Kf8 27. Rfd1 Ke7 28. e4 Rg5 29. Rc3 Be6 30. f4 Rgg8 31. Kf2 Rgd8 32. Rxd8 Rxd8 33. Ke3 a6 34. Bb7 1-0

[Event "COL-ch sf (Women)"]
[Site "Pereira"]
[Date "2024.03.28"]
[Round "3"]
[White "Ruiz Jaraba, Valentina Sofia"]
[Black "Diaz Gonzalez, Ana Sofia"]
[Result "1-0"]
[WhiteElo "1896"]
[BlackElo "1749"]
[PlyCount "57"]
[EventDate "2024.03.27"]
[EventType "swiss"]
[EventRounds "9"]
[EventCountry "COL"]
[SourceTitle "CB14_2024"]
[SourceDate "2024.04.01"]
[SourceVersion "1"]
[SourceVersionDate "2024.04.01"]
[SourceQuality "1"]

1. e4 e5 2. Nf3 Nc6 3. Bb5 a6 4. Ba4 Nf6 5. d3 d6 6. c3 g6 7. 0-0 Bg7 8. Re1 0-0 9. Nbd2 b5 10. Bc2 Re8 11. Nf1 d5 12. Qe2 d4 13. Ng3 Bb7 14. h4 h5 15. Ng5 Qd6 16. Rf1 Bc8 17. Bb3 Nd8 18. cxd4 Qxd4 19. Be3 Qd6 20. Rac1 Ne6 21. f4 exf4 22. Nxe6 fxe3 23. Nxg7 Kxg7 24. Qxe3 Be6 25. Rxf6 Kxf6 26. e5+ Qxe5 27. Rf1+ Bf5 28. Qg5+ Kg7 29. Nxf5+ 1-0

[Event "COL-ch U20 Girls"]
[Site "Cali"]
[Date "2024.03.01"]
[Round "5"]
[White "Valencia Quinchia, Isabella"]
[Black "Ruiz Jaraba, Valentina Sofia"]
[Result "0-1"]
[WhiteElo "1627"]
[BlackElo "1811"]
[PlyCount "62"]
[EventDate "2024.02.28"]
[EventType "swiss"]
[EventRounds "9"]
[EventCountry "COL"]
[SourceTitle "CB11_2024"]
[SourceDate "2024.03.13"]
[SourceVersion "1"]
[SourceVersionDate "2024.03.13"]
[SourceQuality "1"]

1. e4 c5 2. Nf3 a6 3. Nc3 b5 4. d4 cxd4 5. Nxd4 e6 6. Bd3 Bb7 7. 0-0 b4 8. Na4 Nc6 9. Nb3 d6 10. Be3 Nf6 11. Qe2 Nd7 12. f4 Be7 13. Nd2 0-0 14. Nc4 Rb8 15. Rad1 Qc7 16. Rf3 g6 17. Rh3 Rfe8 18. Ncb6 Nf6 19. g4 Na5 20. g5 Nxe4 21. Bd4 Qc6 22. Re3 d5 23. b3 Rbd8 24. Qf3 Bd6 25. Bb2 Qc7 26. Qh3 Nc3 27. Bf1 Bxf4 28. Qxh7+ Kxh7 29. Rh3+ Kg8 30. Nxc3 Qxb6+ 31. Kh1 d4+ 0-1

[Event "COL-ch U20 Girls"]
[Site "Cali"]
[Date "2024.02.29"]
[Round "3"]
[White "Saravia Delgadillo, Sara Sofia"]
[Black "Ruiz Jaraba, Valentina Sofia"]
[Result "0-1"]
[WhiteElo "1557"]
[BlackElo "1811"]
[PlyCount "40"]
[EventDate "2024.02.28"]
[EventType "swiss"]
[EventRounds "9"]
[EventCountry "COL"]
[SourceTitle "CB11_2024"]
[SourceDate "2024.03.13"]
[SourceVersion "1"]
[SourceVersionDate "2024.03.13"]
[SourceQuality "1"]

1. e4 c5 2. Nf3 d6 3. d4 cxd4 4. Qxd4 Nc6 5. Bb5 Bd7 6. Bxc6 Bxc6 7. Nc3 Nf6 8. Be3 Qa5 9. 0-0-0 e6 10. e5 dxe5 11. Nxe5 Bd5 12. a3 Be7 13. Nxd5 Nxd5 14. Nc4 Qa6 15. Rhe1 Rc8 16. Nd2 Bf6 17. Qxa7 Qb5 18. Nb3 Qxb3 19. Rd2 Qxb2+ 20. Kd1 Nc3# 0-1

[Event "Barranquilla Carnaval Cup"]
[Site "Barranquilla"]
[Date "2024.02.06"]
[Round "7"]
[White "Ruiz Jaraba, Valentina Sofia"]
[Black "Guzman Lanzziano, Hanier David"]
[Result "1-0"]
[WhiteElo "1811"]
[BlackElo "1383"]
[PlyCount "45"]
[EventDate "2024.02.03"]
[EventType "swiss"]
[EventRounds "9"]
[EventCountry "COL"]
[SourceTitle "CB07_2024"]
[SourceDate "2024.02.14"]
[SourceVersion "1"]
[SourceVersionDate "2024.02.14"]
[SourceQuality "1"]

1. e4 c5 2. Nf3 Nc6 3. d4 cxd4 4. Nxd4 g6 5. Nc3 Bg7 6. Nb3 Nf6 7. Be2 0-0 8. 0-0 d6 9. Bg5 b6 10. f4 Bb7 11. Bf3 Rc8 12. Qe2 Qc7 13. e5 dxe5 14. fxe5 Nd7 15. e6 fxe6 16. Qxe6+ Kh8 17. Rad1 Nde5 18. Bxc6 Rxf1+ 19. Rxf1 Qxc6 20. Qh3 e6 21. Ne2 Qxc2 22. Nbd4 Qxb2 23. Qxe6 1-0

[Event "COL-chT (Women)"]
[Site "Risaralda"]
[Date "2023.11.23"]
[Round "7.4"]
[White "Ruiz Jaraba, Valentina Sofia"]
[Black "Mogollon Tobar, Nicolle Juliet"]
[Result "1-0"]
[WhiteElo "1789"]
[BlackElo "1928"]
[PlyCount "89"]
[EventDate "2023.11.19"]
[EventType "team-swiss"]
[EventRounds "7"]
[EventCountry "COL"]
[SourceTitle "CB49_2023"]
[SourceDate "2023.12.06"]
[SourceVersion "1"]
[SourceVersionDate "2023.12.06"]
[SourceQuality "1"]
[WhiteTeam "Atlantico (W)"]
[BlackTeam "Valle (W)"]
[WhiteTeamCountry "COL"]
[BlackTeamCountry "COL"]

1. d4 Nf6 2. Nf3 b6 3. c4 Bb7 4. e3 e6 5. Nc3 Bb4 6. Bd2 Bxc3 7. Bxc3 Ne4 8. Bd3 0-0 9. 0-0 f5 10. Bc2 d6 11. Nd2 Nxd2 12. Qxd2 Qg5 13. d5 exd5 14. f4 Qe7 15. cxd5 Nd7 16. Rf3 Nf6 17. Rg3 Rf7 18. Bxf5 Nxd5 19. Qd3 h6 20. Bg6 Nxc3 21. Bxf7+ Qxf7 22. Qxc3 Be4 23. f5 Re8 24. Rf1 Re5 25. f6 g6 26. Rg4 h5 27. Rg3 Re6 28. Rf4 d5 29. Rg5 c5 30. Re5 Kf8 31. Rxe6 Qxe6 32. f7 Bf5 33. h3 d4 34. exd4 cxd4 35. Qxd4 Qxa2 36. g4 hxg4 37. hxg4 Qb1+ 38. Rf1 Qe4 39. Qd6+ Kxf7 40. gxf5 Qg4+ 41. Kf2 Qh4+ 42. Ke3 Qh3+ 43. Rf3 Qh6+ 44. Qf4 Qxf4+ 45. Kxf4 1-0

[Event "Medellin de La Raza op"]
[Site "Medellin"]
[Date "2023.10.13"]
[Round "4"]
[White "Ruiz Jaraba, Valentina Sofia"]
[Black "Gonzalez Lopez, Nicolas Mateo"]
[Result "0-1"]
[WhiteElo "1792"]
[BlackElo "2205"]
[PlyCount "78"]
[EventDate "2023.10.12"]
[EventType "swiss"]
[EventRounds "10"]
[EventCountry "COL"]
[SourceTitle "Mega2024 Update 01"]
[Source "Chessbase"]
[SourceDate "2023.11.12"]
[SourceVersion "1"]
[SourceVersionDate "2023.11.12"]
[SourceQuality "1"]

1. e4 c6 2. d4 d5 3. exd5 cxd5 4. Bd3 Nc6 5. c3 Qc7 6. h3 g6 7. Ne2 Bg7 8. Bf4 Qb6 9. Qb3 Qxb3 10. axb3 f6 11. Na3 e5 12. Be3 Nge7 13. dxe5 fxe5 14. Bc5 0-0 15. Nb5 a6 16. Nc7 Rb8 17. 0-0 e4 18. Bc2 Be5 19. Bb6 Bf5 20. Ng3 Rbc8 21. Nxf5 gxf5 22. Ne6 Rf6 23. Nc5 Nb8 24. Ba7 Nbc6 25. Bb6 Nb4 26. Nd7 Re6 27. Nxe5 Nxc2 28. Bd4 Nxa1 29. Rxa1 Ng6 30. Nd7 Nf4 31. Kf1 Rg6 32. Ra5 Rd8 33. Nf6+ Kf7 34. Nxh7 Ne6 35. Be5 Rh6 36. Ng5+ Nxg5 37. Bf4 Rg6 38. c4 Ne6 39. Bh2 d4 0-1

[Event "COL Students-ch (Women)"]
[Site "Santa Fe"]
[Date "2023.09.23"]
[Round "2"]
[White "Munoz Ospina, Paula Johanna"]
[Black "Ruiz Jaraba, Valentina Sofia"]
[Result "0-1"]
[WhiteElo "1554"]
[BlackElo "1792"]
[PlyCount "123"]
[EventDate "2023.09.23"]
[EventType "swiss"]
[EventRounds "6"]
[EventCountry "COL"]
[SourceTitle "EXT 2024"]
[Source "ChessBase"]
[SourceDate "2023.10.10"]
[SourceVersion "1"]
[SourceVersionDate "2023.10.10"]
[SourceQuality "1"]

1. Nf3 d5 2. b3 Nf6 3. Bb2 Bf5 4. e3 e6 5. Be2 Be7 6. 0-0 h6 7. Ne5 0-0 8. d3 Nbd7 9. Nd2 Nxe5 10. Bxe5 Nd7 11. Bb2 Bf6 12. Bxf6 Nxf6 13. Nf3 Qd6 14. Qc1 c5 15. c4 Rac8 16. Rd1 Qc7 17. Qb2 Bg4 18. Rac1 b6 19. cxd5 exd5 20. d4 Qe7 21. dxc5 bxc5 22. Rc2 Bf5 23. Rcc1 Rfd8 24. Ne5 Re8 25. Ba6 Rc7 26. Nf3 Be4 27. Nd2 Qe6 28. Bf1 Rec8 29. Rc3 Qe5 30. Qc1 Ng4 31. g3 Qf6 32. Nxe4 dxe4 33. Qc2 Nxf2 34. Rc1 Ng4 35. Bh3 Qg6 36. Qe2 h5 37. Rc4 f5 38. Bxg4 hxg4 39. Ra4 Kh7 40. Ra6 Qg5 41. Rd1 Rd8 42. Rad6 Rdc8 43. Rd7 Rxd7 44. Rxd7 a5 45. Qd2 c4 46. bxc4 Rxc4 47. Rd5 Ra4 48. Kf2 Qh5 49. Kg1 Rb4 50. Qe2 Rb1+ 51. Rd1 Rxd1+ 52. Qxd1 Qf7 53. Qa4 Qd5 54. Qb3 Qd2 55. a3 Qe2 56. Qc3 a4 57. Qc1 Qd3 58. Kf2 Qb3 59. Ke1 Qa2 60. Qc5 Qb1+ 61. Kd2 Qf1 62. Qe7 0-1

[Event "Rivera Hernandez Memorial"]
[Site "Rivera Huila"]
[Date "2023.07.22"]
[Round "7"]
[White "Ruiz Jaraba, Valentina Sofia"]
[Black "Gonzalez, Guillermo"]
[Result "1-0"]
[WhiteElo "1838"]
[BlackElo "1787"]
[PlyCount "61"]
[EventDate "2023.07.19"]
[EventType "swiss"]
[EventRounds "10"]
[EventCountry "COL"]
[SourceTitle "CBM 215 Extra"]
[Source "ChessBase"]
[SourceDate "2023.09.30"]
[SourceVersion "1"]
[SourceVersionDate "2023.09.30"]
[SourceQuality "1"]

1. e4 c5 2. Nf3 d6 3. c3 Qb6 4. d4 cxd4 5. cxd4 e6 6. Nc3 Bd7 7. Bc4 a6 8. 0-0 Nc6 9. d5 Na5 10. dxe6 fxe6 11. Bd3 Rc8 12. e5 d5 13. Ng5 g6 14. Qf3 Nh6 15. Nxh7 Nf5 16. Bxf5 gxf5 17. Nf6+ Kd8 18. Bg5 Be7 19. Nfxd5 Rxc3 20. Bxe7+ Ke8 21. Nf6+ Kxe7 22. Qxc3 Bc8 23. Rad1 Nc6 24. Qg3 Rf8 25. Nh7 Rf7 26. Qg5+ Ke8 27. Nf6+ Rxf6 28. exf6 Nd4 29. Qg7 Ne2+ 30. Kh1 Qc5 31. f7+ 1-0

[Event "Rivera Hernandez Memorial"]
[Site "Rivera Huila"]
[Date "2023.07.19"]
[Round "2"]
[White "Pazos Gambarrotti, Plinio Efrain"]
[Black "Ruiz Jaraba, Valentina Sofia"]
[Result "0-1"]
[WhiteElo "2024"]
[BlackElo "1838"]
[PlyCount "54"]
[EventDate "2023.07.19"]
[EventType "swiss"]
[EventRounds "10"]
[EventCountry "COL"]
[SourceTitle "CBM 215 Extra"]
[Source "ChessBase"]
[SourceDate "2023.09.30"]
[SourceVersion "1"]
[SourceVersionDate "2023.09.30"]
[SourceQuality "1"]

1. d4 d5 2. c4 e6 3. Nc3 c6 4. Nf3 dxc4 5. a4 Bb4 6. e3 b5 7. Bd2 a5 8. Ne5 Nf6 9. Qf3 Bxc3 10. Bxc3 Qd5 11. axb5 cxb5 12. b3 Bb7 13. bxc4 Qxf3 14. Nxf3 b4 15. Bd2 0-0 16. Bd3 Nbd7 17. 0-0 Rfc8 18. Rfb1 Bc6 19. Rb2 Rcb8 20. Be1 Ne4 21. Nd2 Nc3 22. e4 a4 23. d5 a3 24. dxc6 axb2 25. Rxa8 Rxa8 26. cxd7 Rd8 27. Nb1 Rxd7 0-1

[Event "COL-ch U20 Girls"]
[Site "Cali"]
[Date "2023.06.24"]
[Round "4"]
[White "Ruiz Jaraba, Valentina Sofia"]
[Black "Quevedo Bonilla, Paula Thaliana"]
[Result "1-0"]
[WhiteElo "1776"]
[BlackElo "1318"]
[PlyCount "59"]
[EventDate "2023.06.22"]
[EventType "swiss"]
[EventRounds "7"]
[EventCountry "COL"]
[SourceTitle "CBM 214 Extra"]
[Source "ChessBase"]
[SourceDate "2023.07.31"]
[SourceVersion "1"]
[SourceVersionDate "2023.07.31"]
[SourceQuality "1"]

1. e4 c5 2. Nf3 d6 3. c3 Nf6 4. Bd3 Nc6 5. Bc2 e5 6. d3 Be7 7. h3 0-0 8. 0-0 a6 9. d4 cxd4 10. cxd4 exd4 11. Nxd4 d5 12. Nc3 Nxd4 13. Qxd4 dxe4 14. Qe3 Qc7 15. Qe2 Bf5 16. Bg5 Rac8 17. Rac1 Qe5 18. f4 Qc5+ 19. Kh1 e3 20. Bb3 Qb6 21. Bxf6 Bxf6 22. Nd5 Qd6 23. Qxe3 Rxc1 24. Rxc1 Bd7 25. Re1 Bc6 26. Qe4 Bxd5 27. Bxd5 b6 28. Rd1 Qc5 29. b4 Qf2 30. Bb3 1-0

[Event "COL-ch U20 Girls"]
[Site "Cali"]
[Date "2023.06.23"]
[Round "3"]
[White "Hernandez Bermudez, Manuela"]
[Black "Ruiz Jaraba, Valentina Sofia"]
[Result "1-0"]
[WhiteElo "1883"]
[BlackElo "1776"]
[PlyCount "67"]
[EventDate "2023.06.22"]
[EventType "swiss"]
[EventRounds "7"]
[EventCountry "COL"]
[SourceTitle "CBM 214 Extra"]
[Source "ChessBase"]
[SourceDate "2023.07.31"]
[SourceVersion "1"]
[SourceVersionDate "2023.07.31"]
[SourceQuality "1"]

1. e4 c5 2. Nf3 e6 3. d4 cxd4 4. Nxd4 a6 5. c4 Nc6 6. Nc3 Nf6 7. Nxc6 dxc6 8. Qxd8+ Kxd8 9. e5 Ng4 10. Bf4 Bc5 11. Bg3 Ke7 12. h3 Nh6 13. Bh4+ f6 14. exf6+ gxf6 15. Bxf6+ Kxf6 16. Ne4+ Ke7 17. Nxc5 Rf8 18. Bd3 Nf5 19. g4 Nd6 20. 0-0 h6 21. f4 Rg8 22. Kh2 Bd7 23. Rae1 Nf7 24. Nxe6 Bxe6 25. f5 Ng5 26. fxe6 Rad8 27. Re3 Rgf8 28. Rxf8 Rxf8 29. Bf5 h5 30. Kg3 Rh8 31. h4 Nh7 32. g5 Nf8 33. Kf4 Rg8 34. Ke5 1-0

[Event "COL-ch (Women)"]
[Site "Cartagena"]
[Date "2023.06.12"]
[Round "9"]
[White "Aguas Cardenas, Darley"]
[Black "Ruiz Jaraba, Valentina Sofia"]
[Result "1/2-1/2"]
[WhiteElo "1767"]
[BlackElo "1776"]
[PlyCount "42"]
[EventDate "2023.06.08"]
[EventType "swiss"]
[EventRounds "9"]
[EventCountry "COL"]
[SourceTitle "CBM 215 Extra"]
[Source "ChessBase"]
[SourceDate "2023.09.30"]
[SourceVersion "1"]
[SourceVersionDate "2023.09.30"]
[SourceQuality "1"]

1. c4 e6 2. d4 d5 3. e3 c6 4. Nf3 Bd6 5. b3 Nd7 6. Bd3 Ngf6 7. Nbd2 0-0 8. Bb2 Re8 9. Ne5 c5 10. 0-0 Nf8 11. Qe2 N6d7 12. Nxd7 Bxd7 13. Rad1 cxd4 14. exd4 Qc7 15. Nf3 dxc4 16. Bxc4 Ng6 17. Ne5 Bxe5 18. dxe5 Bc6 19. f3 Rad8 20. Qe3 b6 21. Bd3 Ne7 1/2-1/2

[Event "COL-ch (Women)"]
[Site "Cartagena"]
[Date "2023.06.11"]
[Round "7"]
[White "Pachon Gutierrez, Adriana Paola"]
[Black "Ruiz Jaraba, Valentina Sofia"]
[Result "1-0"]
[WhiteElo "2024"]
[BlackElo "1776"]
[PlyCount "61"]
[EventDate "2023.06.08"]
[EventType "swiss"]
[EventRounds "9"]
[EventCountry "COL"]
[SourceTitle "CBM 215 Extra"]
[Source "ChessBase"]
[SourceDate "2023.09.30"]
[SourceVersion "1"]
[SourceVersionDate "2023.09.30"]
[SourceQuality "1"]

1. b3 e5 2. Bb2 d6 3. e3 Nf6 4. d4 Nbd7 5. dxe5 dxe5 6. Nf3 Bd6 7. Nbd2 e4 8. Ng5 Qe7 9. Bb5 c6 10. Bc4 0-0 11. Ngxe4 Nxe4 12. Nxe4 Bb4+ 13. Nd2 Ne5 14. c3 Bd6 15. Qc2 Bf5 16. Qxf5 b5 17. Be2 Rad8 18. Nf3 Nxf3+ 19. Bxf3 Be5 20. Qc2 Qf6 21. Rb1 Qd6 22. h3 h6 23. 0-0 Qf6 24. c4 Rfe8 25. Bxe5 Rxe5 26. Rbd1 Rde8 27. cxb5 cxb5 28. Qc6 R8e6 29. Qa8+ Kh7 30. Rd8 Re8 31. Rxe8 1-0

[Event "COL-ch (Women)"]
[Site "Cartagena"]
[Date "2023.06.10"]
[Round "6"]
[White "Ruiz Jaraba, Valentina Sofia"]
[Black "Matta, Paola Andrea"]
[Result "1-0"]
[WhiteElo "1776"]
[BlackElo "1911"]
[PlyCount "65"]
[EventDate "2023.06.08"]
[EventType "swiss"]
[EventRounds "9"]
[EventCountry "COL"]
[SourceTitle "CBM 215 Extra"]
[Source "ChessBase"]
[SourceDate "2023.09.30"]
[SourceVersion "1"]
[SourceVersionDate "2023.09.30"]
[SourceQuality "1"]

1. e4 c5 2. Nf3 d6 3. c3 Nf6 4. Bd3 Nc6 5. h3 g6 6. Bc2 Bg7 7. d4 cxd4 8. cxd4 0-0 9. Nc3 Qc7 10. 0-0 a6 11. Re1 Rd8 12. Qe2 e6 13. e5 dxe5 14. dxe5 Nd5 15. Nxd5 Rxd5 16. Bb3 Nd4 17. Nxd4 Rxe5 18. Be3 Bd7 19. Rac1 Qa5 20. Nf3 Rf5 21. Bd2 Qb6 22. g4 Bb5 23. Qe4 Rf6 24. Bg5 Bc6 25. Rxc6 bxc6 26. Bxf6 Bxf6 27. Ne5 Rd8 28. Nxf7 Rd2 29. Re2 Rxe2 30. Qxe2 Bh4 31. Bxe6 Kg7 32. Bb3 Qb4 33. g5 1-0

[Event "Sabaneta op-B 1st"]
[Site "Sabaneta"]
[Date "2022.11.29"]
[Round "7"]
[White "Guerrero Caicedo, Arlette Sabina"]
[Black "Ruiz Jaraba, Valentina Sofia"]
[Result "0-1"]
[WhiteElo "1628"]
[BlackElo "1797"]
[PlyCount "100"]
[EventDate "2022.11.25"]
[EventType "swiss"]
[EventRounds "8"]
[EventCountry "COL"]
[SourceTitle "CBM 211 Extra"]
[Source "ChessBase"]
[SourceDate "2023.01.31"]
[SourceVersion "1"]
[SourceVersionDate "2023.01.31"]
[SourceQuality "1"]

1. d4 d5 2. Nf3 e6 3. c4 c6 4. Bg5 Be7 5. Bxe7 Nxe7 6. e3 0-0 7. Bd3 Nd7 8. Nbd2 h6 9. Qc2 c5 10. 0-0 cxd4 11. exd4 dxc4 12. Nxc4 Nf6 13. Nce5 Bd7 14. Rfd1 Bc6 15. Nxc6 Nxc6 16. Qb3 Qe7 17. Rac1 Rac8 18. Bb5 Nb4 19. a3 Nbd5 20. Re1 Qd6 21. Bc4 Rc7 22. Bxd5 Nxd5 23. Rc2 Rfc8 24. Rxc7 Rxc7 25. Qa4 a6 26. Ne5 b5 27. Qb3 Qb6 28. Qd3 Qb7 29. h3 Qc8 30. Qf3 Nf6 31. Re3 Nd5 32. Re1 Qd8 33. Qd3 Qg5 34. Rd1 Nf4 35. Qf3 Nd5 36. Qd3 Rc1 37. Nf3 Qf5 38. Qd2 Rc2 39. Qa5 Nf4 40. Qd8+ Kh7 41. Qh4 Rxb2 42. g4 Ne2+ 43. Kg2 Qd5 44. g5 e5 45. gxh6 gxh6 46. Qg4 e4 47. Ne5 e3+ 48. Kh2 Nxd4 49. Rxd4 Qxe5+ 50. Kh1 e2 0-1

[Event "Medellin Raza Cup"]
[Site "Medellin"]
[Date "2022.10.21"]
[Round "6"]
[White "Ruiz Jaraba, Valentina Sofia"]
[Black "Alzate Velez, Valentin"]
[Result "1-0"]
[WhiteElo "1835"]
[BlackElo "1324"]
[PlyCount "39"]
[EventDate "2022.10.19"]
[EventType "swiss"]
[EventRounds "10"]
[EventCountry "COL"]
[SourceTitle "EXT 2024"]
[Source "ChessBase"]
[SourceDate "2023.10.10"]
[SourceVersion "1"]
[SourceVersionDate "2023.10.10"]
[SourceQuality "1"]

1. e4 c5 2. Nf3 Nc6 3. d4 cxd4 4. Nxd4 g6 5. Nc3 Bg7 6. Nb3 Nf6 7. Be2 0-0 8. 0-0 d6 9. Bg5 b6 10. f4 Bb7 11. Qd2 Rc8 12. Rad1 a6 13. Bf3 b5 14. Kh1 Ne8 15. e5 Kh8 16. Qe2 f6 17. Bh4 fxe5 18. fxe5 Bxe5 19. Bxc6 Bxc6 20. Rxf8+ 1-0

[Event "Medellin Raza Cup"]
[Site "Medellin"]
[Date "2022.10.20"]
[Round "4"]
[White "Gallon Ramirez, Tomas"]
[Black "Ruiz Jaraba, Valentina Sofia"]
[Result "1-0"]
[WhiteElo "1438"]
[BlackElo "1835"]
[PlyCount "75"]
[EventDate "2022.10.19"]
[EventType "swiss"]
[EventRounds "10"]
[EventCountry "COL"]
[SourceTitle "EXT 2024"]
[Source "ChessBase"]
[SourceDate "2023.10.10"]
[SourceVersion "1"]
[SourceVersionDate "2023.10.10"]
[SourceQuality "1"]

1. d4 d5 2. c4 e6 3. Nf3 c6 4. g3 dxc4 5. Bg2 b5 6. a4 Bb7 7. Ne5 a6 8. Nc3 Nf6 9. 0-0 Be7 10. axb5 axb5 11. Rxa8 Bxa8 12. Nxb5 cxb5 13. Bxa8 Qc7 14. Bg2 0-0 15. Bf4 Bd6 16. Qa1 Qb6 17. b3 Bxe5 18. Bxe5 Nd5 19. e4 Nb4 20. d5 f6 21. Bd4 Qc7 22. Qc3 N8a6 23. Ra1 Re8 24. d6 Qc8 25. Rd1 Na2 26. Qb2 N6b4 27. Bc3 Qc5 28. bxc4 Nxc3 29. Qxc3 bxc4 30. Bf1 Qh5 31. Rd2 Nc6 32. Bxc4 Ne5 33. Be2 Qf7 34. Qc7 Nd7 35. Bb5 Rf8 36. Qxd7 Qh5 37. Qxe6+ Kh8 38. Qd5 1-0

[Event "Medellin Raza Cup"]
[Site "Medellin"]
[Date "2022.10.19"]
[Round "2"]
[White "Toro Ramirez, Samuel"]
[Black "Ruiz Jaraba, Valentina Sofia"]
[Result "1-0"]
[WhiteElo "1560"]
[BlackElo "1835"]
[PlyCount "73"]
[EventDate "2022.10.19"]
[EventType "swiss"]
[EventRounds "10"]
[EventCountry "COL"]
[SourceTitle "EXT 2024"]
[Source "ChessBase"]
[SourceDate "2023.10.10"]
[SourceVersion "1"]
[SourceVersionDate "2023.10.10"]
[SourceQuality "1"]

1. e4 c5 2. Nc3 e6 3. f4 d6 4. Bb5+ Nd7 5. a3 a6 6. Ba4 b5 7. Bb3 Bb7 8. d3 Ngf6 9. Nf3 Rc8 10. 0-0 Be7 11. Ba2 0-0 12. Qe1 Qc7 13. Ng5 c4 14. Rf3 h6 15. Qh4 Rfe8 16. Rh3 Nf8 17. Nf3 Nxe4 18. Qe1 Nxc3 19. bxc3 cxd3 20. cxd3 Bxf3 21. Rxf3 Qxc3 22. Bd2 Qb2 23. Be3 Bf6 24. d4 Bxd4 25. Bxd4 Qxd4+ 26. Kh1 Rc2 27. Bb3 Rc6 28. Rd1 Qb2 29. f5 e5 30. f6 g6 31. Qe3 g5 32. Rh3 Nh7 33. Rxh6 Rc3 34. Qe4 Nf8 35. Bxf7+ Kxf7 36. Qb7+ Ke6 37. f7+ 1-0